Košická výstava nožov a chladných zbraní 2007

Bibliographic Details
Main Author: Drábek, Alojz (Author)
Format: Article
Language:Slovak
PhysicalDescription:Fotogr.
ISSN:1335-5740
Subjects:

MARC

LEADER 00000nab a2200000 ar4500
001 vtls009289795
003 SK-MaSNL
005 20260304153739.0
008 250506c2008 xo |||||||||||000 b|slo
015 |a SNBRB2008/04  |2 snkbucl 
035 |a (uuid)18675734-425c-48f7-9320-0a064ecf2b8c 
035 |a urn:nbn:sk:snk-ab1w1d 
035 |a (urnnbn)urn:nbn:sk:snk:ar-a013vt 
038 |a SNKBUCL 
040 |a SNKBUCL  |b slo  |c SNKBUCL  |e AACR2 
041 0 |a slo 
044 |a xo  |c SK 
080 |a 672.71:061.43  |2 2001 
080 |a 623.444:061.43  |2 2001 
100 1 |a Drábek, Alojz  |4 aut  |9 26329 
245 1 0 |a Košická výstava nožov a chladných zbraní 2007  |c Alojz Drábek 
300 |b Fotogr. 
611 2 7 |a Košická výstava nožov a chladných zbraní  |n (3. :  |d 2007 :  |c Košice, Slovensko)  |2 snkbucl  |9 112661 
650 0 7 |a nože  |2 snkbucl  |9 26364 
650 0 7 |a chladné zbrane  |2 snkbucl  |9 28988 
651 7 |a Košice (Slovensko)  |2 snkbucl  |9 18694 
773 0 |t Zbrane, strelci a lovci  |g Roč. IX, č. 2 (2008), s. 58-59  |x 1335-5740 
850 |a Slovenská národná knižnica 
852 |a Slovenská národná knižnica 
954 |a odborná, vedecká literatúra pôvodná (slovenská)  |2 lita 
958 |a article27 
958 |a SK 
958 |a OND 
958 |a EUIPO 
999 |c 2954813  |d 2956743